000 00441nam a2200133Ia 4500
008 231129s1984||||xx |||||||||||||| ||spa||
040 _bspa
082 _a(i) 808.068543 I59c
100 _aInstituto Colombiano de Bienestar Familiar
245 0 _aLa hora de los cuentos: Concurso nacional de cuento Rafael Pombo Instituto Colombiano de Bienestar Familiar
260 _c1984
264 _aBogotá Colombia: El Instituto
942 _2ddc
_cBKS
999 _c17339
_d17339